Erkenntnis und Interesse : Mit einem neuen Nachwort /
Jürgen Habermas (1929-), filósofo y sociólogo alemán, examina en esta obra las más importantes corrientes del pensamiento moderno: positivismo, historicismo, pragmatismo, idealismo, criticismo, tradición hermenéutica alemana, marxismo y psicoanálisis. Con ello delinea un programa de teoría de la cie...
Shranjeno v:
| Glavni avtor: | |
|---|---|
| Format: | Knjiga |
| Jezik: | German |
| Izdano: |
Frankfurt, Alemania :
Suhrkamp,
1981, c1981
|
| Serija: | (Suhrkamp Taschenbuch Wissenschaft ;
1) |
| Teme: | |
| Oznake: |
Brez oznak, prvi označite!
|
MARC
| LEADER | 00000nam^a2200000^a^4500 | ||
|---|---|---|---|
| 001 | 000181971 | ||
| 005 | 20250521000000.0 | ||
| 009 | 20260310101950.459 | ||
| 020 | |a 3-518-07601-9 | ||
| 037 | |a Acervo ITESO - Biblioteca | ||
| 041 | |a ALE | ||
| 082 | |a 121. |b HAB | ||
| 100 | |a Habermas, Jürgen |e (autor) | ||
| 240 | 1 | 1 | |a [Conocimiento e interés] |
| 245 | 1 | 0 | |a Erkenntnis und Interesse : |b Mit einem neuen Nachwort / |c J. Habermas. |
| 264 | 4 | |a Frankfurt, Alemania : |b Suhrkamp, |c 1981, c1981 | |
| 300 | |a 419 p. | ||
| 336 | |a texto |b txt |2 rdacontenido | ||
| 337 | |a sin mediación |b n |2 rdamedio | ||
| 338 | |a volumen |b nc |2 rdasoporte | ||
| 440 | 1 | |a (Suhrkamp Taschenbuch Wissenschaft ; |v 1) | |
| 520 | |a Jürgen Habermas (1929-), filósofo y sociólogo alemán, examina en esta obra las más importantes corrientes del pensamiento moderno: positivismo, historicismo, pragmatismo, idealismo, criticismo, tradición hermenéutica alemana, marxismo y psicoanálisis. Con ello delinea un programa de teoría de la ciencia, que persigue la doble intención de subrayar el interés emancipatorio de la razón en el ejercicio de la reflexión y el de asentar sistemáticamente la comprensión de las ciencias sobre el contexto en el que se constituyen y se aplican las teorías científicas. | ||
| 649 | |a XX | ||
| 650 | |a Filósofos Alemanes | ||
| 650 | |a Filósofos Franceses | ||
| 650 | |a Filósofos Norteamericanos | ||
| 650 | |a Epistemología | ||
| 650 | |a Objetividad y Subjetividad en la Ciencia | ||
| 650 | |a Positivismo - |x Historia y Crítica | ||
| 650 | |a Pragmatismo - |x Historia y Crítica | ||
| 650 | |a Historicismo - |x Historia y Crítica | ||
| 650 | |a Criticismo - |x Historia y Crítica | ||
| 650 | |a Idealismo - |x Historia y Crítica | ||
| 650 | |a Marxismo - |x Historia y Crítica | ||
| 650 | |a Hermenéutica - |x Historia y Crítica | ||
| 650 | |a Psicoanálisis - |x Historia y Crítica | ||
| 650 | |a Sociedad - |x Teoría | ||
| 650 | |a Escuela de Frankfurt | ||
| 650 | |a Filosofía del Siglo XX | ||
| 650 | |a Filosofía Alemana - |x Historia y Crítica | ||
| 650 | |a Filosofía Francesa - |x Historia y Crítica | ||
| 650 | |a Filosofía Norteamericana - |x Historia y Crítica | ||
| 650 | |a Kant, Immanuel | ||
| 650 | |a Marx, Karl | ||
| 650 | |a Dilthey, Wilhelm | ||
| 650 | |a Comte, Auguste | ||
| 650 | |a Peirce, Charles Sanders | ||
| 600 | |a Hegel, Friedrich | ||
| 910 | |a Fondo Armando Suárez Gómez | ||
| 920 | |a Impresos - Libros | ||
| 930 | |a Fondos Especiales | ||
| 905 | |a 111 | ||
| 901 | |a 0700000175 |b IT2 |c ESP |u 20250521 | ||
| 902 | |a https://opac.biblio.iteso.mx/vufind/Record/000181971 | ||